La sangre : (Registro nro. 13502)

Detalles MARC
000 -LEADER
fixed length control field 01030nam a2200289 a 4500
001 - CONTROL NUMBER
control field 000048023
003 - CONTROL NUMBER IDENTIFIER
control field OSt
005 - DATE AND TIME OF LATEST TRANSACTION
control field 20210517085850.0
008 - FIXED-LENGTH DATA ELEMENTS--GENERAL INFORMATION
fixed length control field 181101s2017 dr 000 f spa d
020 ## - INTERNATIONAL STANDARD BOOK NUMBER
International Standard Book Number 9789945503197
040 ## - CATALOGING SOURCE
Original cataloging agency BPMSU
Language of cataloging spa
Transcribing agency BPMSU
082 ## - DEWEY DECIMAL CLASSIFICATION NUMBER
Classification number RD863.4
Item number C422s 2017
100 1# - MAIN ENTRY--PERSONAL NAME
Personal name Cestero, Tulio Manuel,
Dates associated with a name 1877-1955.
245 13 - TITLE STATEMENT
Title La sangre :
Remainder of title (una vida bajo la tiranía) /
Statement of responsibility, etc. Tulio M. Cestero ; prologo, de León David.
260 ## - PUBLICATION, DISTRIBUTION, ETC. (IMPRINT)
Place of publication, distribution, etc. Santo Domingo :
Name of publisher, distributor, etc. Ministerio de Cultura,
Date of publication, distribution, etc. 2017.
300 ## - PHYSICAL DESCRIPTION
Extent xxvii, 228 p. ;
Dimensions 19 cm.
490 0# - SERIES STATEMENT
Series statement Biblioteca Dominicana Básica ;
-- Narrativa
Volume/sequential designation 5
500 ## - GENERAL NOTE
General note Incluye datos biográficos del autor en las solapas.
500 ## - GENERAL NOTE
General note Incluye referencias bibliográficas y notas al pie de las páginas.
590 ## - LOCAL NOTE (RLIN)
Local note Inventariado, 2021/VM
650 #4 - SUBJECT ADDED ENTRY--TOPICAL TERM
Topical term or geographic name as entry element Novela histórica dominicana.
650 #4 - SUBJECT ADDED ENTRY--TOPICAL TERM
Topical term or geographic name as entry element Literatura dominicana.
700 ## - ADDED ENTRY--PERSONAL NAME
Personal name David, León,
Dates associated with a name 1945 -
Relator term pról.
710 ## - ADDED ENTRY--CORPORATE NAME
Corporate name or jurisdiction name as entry element Ministerio de Cultura (República Dominicana)
910 ## - USER-OPTION DATA (OCLC)
User-option data VMateo
942 ## - ADDED ENTRY ELEMENTS (KOHA)
Source of classification or shelving scheme Dewey Decimal Classification
Koha item type Libros
Existencias
Withdrawn status Lost status Source of classification or shelving scheme Damaged status Not for loan Collection code Home library Current library Date acquired Source of acquisition Full call number Barcode Date last seen Price effective from Koha item type
    Dewey Decimal Classification     Colección Dominicana Biblioteca Pública Metropolitana Salomé Ureña Biblioteca Pública Metropolitana Salomé Ureña 05/17/2021 Editora Nacional BPMSU CD RD863.4 C422s 2017 BPMSU21050092 05/17/2021 05/17/2021 Libros